000
00405nam a2200205Ia 4500
003
IT-RoPAU
008
120407s9999 xx 000 0 und d
040
_a
IT-RoPAU
040
_c
IT-RoPAU
041
_a
ita
100
_a
Igino Giordani
245
_a
Gesù di Nazaret.
250
_a
Torino
260
_a
Sei
260
_c
1946
300
_c
15 cm
490
_v
2
942
_c
BK
999
_c
17583
_d
17583